| 000 | 01002nam a22002175i 4500 | ||
|---|---|---|---|
| 001 | 157738 | ||
| 003 | ES-MaACL | ||
| 005 | 20250717090742.0 | ||
| 008 | 040819s1766 fr a |||| | fre d | ||
| 040 |
_aCAM _bspa _cCAM |
||
| 100 | 1 |
_aLieutaud, Joseph. _9128950 |
|
| 245 | 1 | 0 |
_aEssais anatomiques _b: contenant l'histoire exacte de toutes les parties qui composent le corps de l'homme, avec la maniere de les découvrir & les démontret, ornés de figures / _cpar M. Lieutaud... |
| 250 | _aNouvelle édition, revue & augmentée. | ||
| 260 |
_aA Paris : _bchez d'Houry imprimeur-libraire ..., Guillyn, P.F. Didot libraires ..., _c1766. |
||
| 300 |
_a[2], XXII, [2], 730, XXVI p., VI h. de grab. ; _c8º. |
||
| 597 | _aSign.: []\p1\s, a\p8\s, b\p4\s, A-2Y\p8\s, 2Z\p5\s, *\p11\s, 2*\p2\s. | ||
| 599 | _aLas h. pleg. de grab. calc. del cuerpo humano. | ||
| 650 | 7 |
_aAnatomía _2embne _99800 |
|
| 852 |
_aES-MaACL _jR-1174 _z-- Enc. piel con hierros _x Olim: G-10476 |
||
| 999 |
_c157738 _d157738 |
||